00422pab a2200133 454500008004000000100001800040245009300058260000900151300001400160650004000174650001800214700001700232773003900249180718b2009 xxu||||| |||| 00| 0 eng d aRamotra, K.C. a"Status of women in central Warana basin of Sothern Maharashtra: a micro-level analysis" c2009 ap.132-35. aWomens status - India - Maharashtra aWomens status aKanase, S.B. aIndian Journal of Regional Science